Stolice Ameryki Północnej bez samogłosek - Statystyki

Ogólne statystyki
  • Ten quiz został rozwiązany 11 razy
    8 od ostatniego zresetowania
  • Średni wynik to 17 z 23
Statystyki odpowiedzi
Stolica Odpowiedź % Poprawnych
Pnm Panama (Panama)
100%
Snt Jhn’s Saint John’s (Antigua i Barbuda)
100%
Gwtml Gwatemala (Gwatemala)
83%
Hwn Hawana (Kuba)
83%
Kngstn Kingston (Jamajka)
83%
Kngstwn Kingstown (Saint Vincent i Grenadyny)
83%
Mksk Meksyk (Meksyk)
83%
Prt-f-Spn Port-of-Spain (Trynidad i Tobago)
83%
Snt Grg's Saint George's (Grenada)
83%
Sn Js San José (Kostaryka)
83%
Sn Slvdr San Salvador (Salwador)
83%
Snt Dmng Santo Domingo (Dominikana)
83%
Wszngtn Waszyngton (Stany Zjednoczone)
83%
Blmpn Belmopan (Belize)
67%
Brdgtwn Bridgetown (Barbados)
67%
Nss Nassau (Bahamy)
67%
Prt--Prnc Port-au-Prince (Haiti)
67%
Bsstrr Basseterre (Saint Kitts i Nevis)
50%
Cstrs Castries (Saint Lucia)
50%
Mng Managua (Nikaragua
50%
Rs Roseau (Dominika)
50%
Tgcglp Tegucigalpa (Honduras)
50%
Ttw Ottawa (Kanada)
17%
Nie znaleziono quizów pasujących do podanych kryteriów
Rozkład punktacji
Procent ludzi z każdym wynikiem
Percentyl według liczby udzielonych odpowiedzi
Twoja historia wyników
Nie rozwiązałeś tego quizu od ostatniego zresetowania